书目信息 |
| 题名: |
常用英文短语
|
|
| 作者: | 黄文玲 , 安东尼, 著 | |
| 分册: | ||
| 出版信息: | 北京 清华大学出版社 2000.03 |
|
| 页数: | 140页 | |
| 开本: | 20cm | |
| 丛书名: | 常春藤英语书架 | |
| 单 册: | ||
| 中图分类: | H314.3 | |
| 科图分类: | ||
| 主题词: | 英语--短语 | |
| 电子资源: | ||
| ISBN: | 7-302-01379-9 | |
| 000 | 00898nam 2200265 450 | |
| 001 | 0159075874 | |
| 005 | 20050913104254.11 | |
| 010 | @a7-302-01379-9@dCNY9.00 | |
| 100 | @a20050328d2000 km y0chiy0121 ea | |
| 101 | 0 | @achi@aeng |
| 102 | @aCN@b110000 | |
| 105 | @ay z 000yy | |
| 200 | 1 | @a常用英文短语@Achang yong ying wen duan yu@f黄文玲, [C.安东尼] Carl Anthony著@Fhuang wen ling,[C.an dong ni]Carl Anthony zhu |
| 210 | @a北京@c清华大学出版社@d2000.03 | |
| 215 | @a140页@d20cm | |
| 225 | 2 | @a常春藤英语书架 |
| 300 | @a据台湾常思藤出版社授权出版。 | |
| 330 | @a本书以同义词、反义词及相关语等方式教读者如何掌握四百多个最常用的英文短语。 | |
| 410 | 0 | @12001 @a常春藤英语书架 |
| 606 | 0 | @a英语@x短语 |
| 690 | @aH314.3@v4 | |
| 701 | 0 | @a黄文玲@Ahuang wen ling@4著 |
| 701 | 1 | @a安东尼,@Aan dong ni,@bC.@gAnthony,Carl@4著 |
| 801 | 0 | @aCN@bQSSK@c20050913 |
| 905 | @a10447@dH314.3@eH893 | |
| 常用英文短语/黄文玲, [C.安东尼] Carl Anthony著.-北京:清华大学出版社,2000.03 |
| 140页;20cm.-(常春藤英语书架) |
| 据台湾常思藤出版社授权出版。 |
| ISBN 7-302-01379-9:CNY9.00 |
| 本书以同义词、反义词及相关语等方式教读者如何掌握四百多个最常用的英文短语。 |
| ● |
| 相关链接 |
|
|
|
正题名:常用英文短语
索取号:H314.3/H893
 
预约/预借
| 序号 | 登录号 | 条形码 | 馆藏地/架位号 | 状态 | 备注 |
| 1 | 563453 | 205634535 | 语言库209/209语言库 36排3列1层/ [索取号:H314.3/H893] | 在馆 | |
| 2 | 563454 | 205634544 | 语言库209/209语言库 36排3列1层/ [索取号:H314.3/H893] | 在馆 | |
| 3 | 563455 | 205634553 | 语言库209/209语言库 36排3列1层/ [索取号:H314.3/H893] | 在馆 |